Aristotelis quae feruntur magna moralia
Αποθηκεύτηκε σε:
| Κύριος συγγραφέας: | |
|---|---|
| Μορφή: | Βιβλίο |
| Γλώσσα: | Greek Ancient Greek Latin |
| Δημοσίευση: |
Lipsiae :
In aedibus B. G. Teubeneri,
1883.
|
| Θέματα: | |
| Ετικέτες: |
Προσθήκη ετικέτας
Δεν υπάρχουν, Καταχωρήστε ετικέτα πρώτοι!
|
MARC
| LEADER | 00000cam a2200000 i 4500 | ||
|---|---|---|---|
| 001 | 1/28780 | ||
| 008 | 130423s1883 gw | ||| |||| ||gre|| | ||
| 035 | |l 10114256 | ||
| 040 | |a GR-MyUA |b gre |e AACR2 | ||
| 041 | 1 | |a grc |h lat | |
| 082 | 0 | |a 185 |2 (22) | |
| 100 | 0 | |a Αριστοτέλης, |d 384-322 π.Χ. | |
| 245 | 1 | 0 | |a Aristotelis quae feruntur magna moralia / |c recognotiv franciscus Susemihl. |
| 246 | 3 | 3 | |a Magna Moralia |
| 246 | 3 | 3 | |a Αριστοτέλους ηθικά μεγάλα |
| 260 | |a Lipsiae : |b In aedibus B. G. Teubeneri, |c 1883. | ||
| 300 | |a xix, 126 σ. ; |c 18 εκ. | ||
| 500 | |a Κείμενο στα αρχαία ελληνικά και σημειώσεις στα λατινικά. | ||
| 500 | |a Στο verso υπάρχει ετικέτα "Τη Πορφυριάδι Σχολή Μαρουδιώ Κ. Νικολάου". Στο recto υπάρχει σφραγίδα της Πορφυριάς Αστικής Σχολής Καρλοβασίων. με αρ. 668. | ||
| 504 | |a Περιέχει ευρετήριο. | ||
| 650 | 0 | 0 | |a Philosophy, Ancient. |
| 700 | 1 | |a Susemihl, Franz, |d 1826-1901, |e oth | |
| 852 | |a INST |b SAMOS |c PORFYRIADA |e 20130423 |h 185 ΑΡΙ |p 005300039993 |q 005300039993 |t NOLOAN |y 23 | ||
| 901 | |a BIBL3-2013-1 | ||
| 909 | |a Σ |b 178199 | ||
| 970 | |a ΚΟΣΙΕΡΗΣ |b ΧΡΗΣΤΟΣ |z 2013/04/13 | ||